000 00382nam a2200145Ia 4500
008 100204s9999 xx 000 0 und d
082 _b14676
100 _aओक जनार्दन
245 _aमाग
260 _b"श्रध्दा प्रकाशन, पुणे"
_c1991
300 _a156
630 _aमाग
730 _aमाग
942 _cBOOK
999 _c459107
_d459104